Funkčný model dvojkolesového vozidla Segway na báze Arduino
Gespeichert in:
| 1. Verfasser: | |
|---|---|
| Weitere Verfasser: | |
| Format: | Manuskript Buch |
| Sprache: | Slowakisch |
| Veröffentlicht: |
2019
|
| Schlagworte: | |
| Online-Zugang: | http://is.stuba.sk/zp/portal_zp.pl?podrobnosti=139781 |
| Tags: |
Keine Tags, Fügen Sie das erste Tag hinzu!
|
MARC
| LEADER | 00000ntm a22000003a 4500 | ||
|---|---|---|---|
| 001 | stuzp71984 | ||
| 003 | SK-STU | ||
| 005 | 20190629210730.8 | ||
| 007 | ta | ||
| 008 | 150427s2015----xo-----f-mn---000-0-slo-d | ||
| 040 | |a STU |b slo | ||
| 041 | 0 | |a slo | |
| 100 | 1 | |a Vivodík, Jozef |u 066000 |4 aut |U MTF Materiálovotechnologická fakulta |T MTF Ústav aplikovanej informatiky, automatizácie a mechatroniky |X 88440 |U M6000 |Y 86 |7 88440 | |
| 242 | 0 | 1 | |a Operational model of the two-wheeled Segway vehicle based on Arduino |y eng |
| 245 | 1 | 0 | |a Funkčný model dvojkolesového vozidla Segway na báze Arduino |
| 260 | |c 2019 | ||
| 650 | 4 | |a Arduino IDE |2 slo | |
| 650 | 4 | |a MPU – 6050 |2 slo | |
| 650 | 4 | |a Arduino |2 slo | |
| 650 | 4 | |a Segway |2 slo | |
| 650 | 4 | |a Gyroskop |2 slo | |
| 650 | 4 | |a Arduino |2 eng | |
| 650 | 4 | |a Segway |2 eng | |
| 650 | 4 | |a Gyroscope |2 eng | |
| 650 | 4 | |a Arduino IDE |2 eng | |
| 650 | 4 | |a MPU – 6050 |2 eng | |
| 700 | 1 | |a Ďuriš, Rastislav |u 066000 |k Z1 |4 ths |U MTF Materiálovotechnologická fakulta |T MTF Ústav aplikovanej informatiky, automatizácie a mechatroniky |X 4163 |U M6000 |Y 86 |7 A000004163 | |
| 856 | 4 | |u http://is.stuba.sk/zp/portal_zp.pl?podrobnosti=139781 | |
| 996 | |c M* BP-8738 |l MMSKP |s P |a 0 |w stuzp71984_0001 | ||